Fluid mechanics for chemical engineers

Bewaard in:
Bibliografische gegevens
Hoofdauteur: Nevers, Noel de
Formaat: Boek
Taal:Undetermined
Gepubliceerd in: New York McGraw Hill 2005
Onderwerpen:
Tags: Voeg label toe
Geen labels, Wees de eerste die dit record labelt!
Thư viện lưu trữ: Trung tâm Học liệu Trường Đại học Cần Thơ
LEADER 00522nam a2200193Ia 4500
001 CTU_94673
008 210402s9999 xx 000 0 und d
020 |c 118.75 
082 |a 532.02466 
082 |b N516 
100 |a Nevers, Noel de 
245 0 |a Fluid mechanics for chemical engineers 
245 0 |c Noel de Nevers 
260 |a New York 
260 |b McGraw Hill 
260 |c 2005 
650 |a Fluid mechanics,Chemical engineering 
904 |i Trúc 
980 |a Trung tâm Học liệu Trường Đại học Cần Thơ